| 000 | 00610nam a22002177a 4500 | ||
|---|---|---|---|
| 003 | OSt | ||
| 005 | 20260530115317.0 | ||
| 008 | 260507b1998 enka|||| |||| 00| 0 eng d | ||
| 020 | _a1874044260 | ||
| 040 |
_aICI _bspa _cICI |
||
| 041 | _aspa | ||
| 050 |
_aNA997.G75 _bF871992 |
||
| 100 |
_aGrimshaw Nicholas _933764 |
||
| 245 |
_aFusion / _cNicholas Grimshaw & Partners |
||
| 300 | _a143 páginas : | ||
| 650 | 4 |
_aArquitectura moderna _ySiglo XX |
|
| 650 | 4 |
_aArquitectura británica _ySiglo XX _933766 |
|
| 650 | 4 | _aDiseño arquitectónico | |
| 650 | 4 |
_aArquitectura industrial _933768 |
|
| 942 |
_2lcc _cBK _n1 |
||
| 999 |
_c13609 _d13609 |
||